| 000 | 00795nam a2200229 i 4500 | ||
|---|---|---|---|
| 001 | 166648 | ||
| 003 | ES-MaACL | ||
| 005 | 20250804062757.0 | ||
| 008 | 050916s1899 it | |||||||| ||ita d | ||
| 040 |
_aCAM _bspa _cCAM |
||
| 100 | 1 |
_aTroilo, E. _9133385 |
|
| 245 | 1 | 3 |
_aIl misticismo moderno / _cE. Troilo. |
| 260 |
_aTorino : _bFratelli Bocca, editori, _c1899 ( _fTip. Succ. A. Baglione) |
||
| 300 |
_aVIII, 311 p. ; _c21 cm. |
||
| 490 | 1 |
_aPiccola biblioteca di scienze moderne ; _v12 |
|
| 598 | _aDato de serie tomado de la cub. | ||
| 650 |
_aMisticismo. _915086 |
||
| 650 | 7 |
_aFilosofĂa _2embne _912802 |
|
| 830 | 0 |
_aPiccola biblioteca di scienze moderne ; _v12 _9187013 |
|
| 852 |
_aES-MaACL _jF-5017 _z-- Enc. ed. en tela, conservando la cub. original |
||
| 999 |
_c166648 _d166648 |
||